| 000 | 01212cas a2200361 i 4500 | ||
|---|---|---|---|
| 999 |
_c200429583 _d47507 |
||
| 001 | 200429583 | ||
| 003 | TR-AnTOB | ||
| 005 | 20190412175943.0 | ||
| 008 | 160628c20149999tu fr p z0 b0 tur d | ||
| 009 | 00TUR0Y60HK 201606282014sa | ||
| 022 | _a2148-6883 | ||
| 040 |
_aANKA _beng _erda _cANKA _dTR-AnTOB |
||
| 041 | 0 | _atur | |
| 090 |
_aK9 _b.S736 |
||
| 099 | _aJOURNAL IST M | ||
| 222 | _aİstanbul Medipol Üniversitesi Hukuk Fakültesi dergisi | ||
| 245 | 0 | 0 | _aİstanbul Medipol Üniversitesi Hukuk Fakültesi dergisi. |
| 264 | 1 |
_aİstanbul : _bT.C. İstanbul Medipol Üniversitesi, _c2014- |
|
| 300 |
_avolumes ; _c24 cm |
||
| 310 | _aHalf yearly | ||
| 336 |
_atext _2rdacontent |
||
| 337 |
_aunmediated _2rdamedia |
||
| 338 |
_avolume _2rdacarrier |
||
| 362 | 0 | _avolume 1, issue 1 (2014)- | |
| 530 | _aWeb ortamında edinilebilir. | ||
| 590 | _aDonated by İstanbul Medipol Üniversitesi | ||
| 650 | 0 |
_aHukuk _zTürkiye _vSüreli yayınlar _970541 |
|
| 650 | 0 |
_aLaw _zTurkey _vPeriodicals _970540 |
|
| 710 | 2 | _aİstanbul Medipol Üniversitesi | |
| 856 | 4 | 2 | _uhttp://www.medipol.edu.tr/Sayfa/5011/Yayinlar/Hukuk-Fakultesi-Dergisi.aspx |
| 942 |
_2lcc _cCR _s1 |
||